|
|
|
|
| LEADER |
01325nam a22003132a 4500 |
| 001 |
000734012 |
| 003 |
CZ BrMZK |
| 005 |
20210326113429.0 |
| 007 |
ta |
| 008 |
040910s1947 xr af er|||||||||||cze d |
| 015 |
|
|
|a cnb000667765
|
| 035 |
|
|
|a (OCoLC)85419890
|
| 040 |
|
|
|a ABA001
|c OLA001
|d ABA001
|b cze
|d BOA001
|
| 100 |
1 |
|
|a Zázvorka, Vlastislav,
|d 1903-1992
|7 jk01152282
|4 aut
|
| 245 |
1 |
0 |
|a Život v českém moři doby křídové /
|c Vlastislav Zázvorka
|
| 260 |
|
|
|a Praha :
|b Orbis,
|c 1947
|
| 300 |
|
|
|a 44 s., obr. příl. :
|b il. ;
|c 8°
|
| 490 |
1 |
|
|a Příroda a věda ;
|v [sv.] 1
|
| 500 |
|
|
|a Obálku navrhl Jan Květ
|
| 550 |
|
|
|a Vydavatel: Matice česká
|
| 710 |
2 |
|
|a Matice česká
|7 kn20020322422
|
| 830 |
|
0 |
|a Příroda a věda
|
| 856 |
4 |
1 |
|u http://www.digitalniknihovna.cz/mzk/uuid/uuid:8fab0000-319a-11e3-8d9d-005056827e51
|y Digitalizovaný dokument
|x NDK
|
| 910 |
|
|
|a BOA001
|b PK-I-0022.956
|b 1-0193.902,1
|
| 964 |
|
|
|a Doba druhohorní křídová - Čechy - život - popisy
|
| 990 |
|
|
|a BK
|
| 996 |
7 |
|
|b 2619825189
|c 1-0193.902,1
|l MZK
|r Sklad / do 1 hodiny
|n 0
|w 000734012
|u 000030
|a 1
|e BOA001
|j MZK50
|s A
|
| 996 |
7 |
|
|b 3119670223
|c PK-I-0022.956
|l MZK
|r Sklad / do 1 hodiny
|n 2
|w 000734012
|u 000010
|a 1
|e BOA001
|j MZK50
|s A
|
| 996 |
6 |
|
|b BC-161342
|c PK-I-0022.956
|l MZK
|r Sklad / do 1 hodiny
|n 0
|w 000734012
|u 000020
|a 1
|e BOA001
|j MZK50
|s P
|